01012cam a22002652 4500001001100000005001700011008004100028020001700069040001500086050002100101100003400122245011300156250001200269260004000281300003400321440004500355500008400400650003900484700003800523700003500561908001100596950000600607999001500613952011800628000000528220151217152000.0070611s xx 000 0 eng d a0071180303 : aKABUcKABU 0aTS155b.C43 20011 aChase, Richard B.@000015648510aOperations management for competitive advantage /cRichard B. Chase, Nicholas J. Aquilano, F. Robert Jacobs. a9th ed. aBoston :bIrwin/McGraw-Hill,c2001. axvi, 763 p. :bill. ;c29 cm. 4aThe McGraw-Hill/Irwin series@0000156487 aRev. ed. of: Production and operations management / R. B. Chase. 8th ed. c1998. 0aProduction management.@00001551811 aAquilano, Nicholas J.@00001564841 aJacobs, F. Robert.@0000156488 a070611 @1 c6968d6968 00102lcc70aKABUbKABUd2015-12-17l4oTS155 .C43 2001p008349r2020-02-22 00:00:00s2019-10-29w2015-12-17yBK